000 00322nam a22001457a 4500
008 230912b ||||| |||| 00| 0 eng d
020 _a012446582X
041 _aeng
080 _a521
082 _a521LEW
100 _a19
101 _aASTRO
245 _aPLANETS AND THEIR ATMOSPHERES
_cLEWIS .S.J
942 _2udc
_cBK
999 _c60329
_d60329